00409nam a2200145Ia 4500999001700000008004100017082002000058100001900078245006800097250000800165260003400173300000900207650003500216942001200251 c10827d10827191201s2011 xx 000 0 und d a320.954076bLAI aLAXMIKANTH, M. 0aIndian Polity : For Civil Services and other State Examinations a6th aNew DelhibMc Graw Hillc2021 aMisc aBachelor of Mass Communication 2ddccBK